000
00226nam a2200097Ia 4500
008
190216s9999||||xx |||||||||||||| ||und||
100
_a
Austin C R
245
0
_a
Beejasangalanam
260
_b
Kerala Bhasha Institute
942
_c
BK
999
_c
37624
_d
37624